| 000 | 00638nam a22001937a 4500 | ||
|---|---|---|---|
| 999 |
_c174307 _d174307 |
||
| 005 | 20200603131833.0 | ||
| 010 | _aUR-10777 | ||
| 020 |
_c300.00 _a- |
||
| 035 | _aU-9332 | ||
| 037 |
_bDBAD/PUB _a- |
||
| 082 | _a840.08 | ||
| 100 | _aنا ظم ا لد ين منو ر | ||
| 245 |
_aشا ہد ا د ب _cنا ظم ا لد ين منو ر |
||
| 246 |
_bShahid-e-Adab(Urdu) _aby Nazimuddin Munawar |
||
| 260 |
_aDelhi _bEducational Publishing House _c2019 ء |
||
| 270 |
_a3191,Vakil Street,Kucha Pandit Lal Kuan, _bDelhi _e110006 _k23216162 _l- |
||
| 300 |
_a107 ص _c22 Cm(Hb) |
||
| 942 |
_2ddc _cUR _h840.08 _mن ا ظ |
||